LDR 00557naa#a2200169#i#450# 001 EN\\bibl\120812 005 20260418113600.6 011 ## _a2409-1073 100 ## _a20240620b2024####ek#y0engy0150####ca 102 ## _aRU 200 1# _aKey aspects of the formation of intercultural competence in technical students _eJournal article 210 1# _aMoscow _cNational Research University of Electronic Technology _d2024 215 ## _a0 с. 608 ## _aJournal article _2local 675 ## _aанглийскому. 372.881.111.1 _z 700 #1 _aPetrova _gAnna A. 856 4# _aesgi-journal.ru _u